000 01121nam a2200265 i 4500
001 bg
245 0 0 _aEkonomia, finanse, pieniądz :
_bindeksy. /
_c[oprac. wersji pol. Maria Rzewuska, Anna Gałkiewicz, Jolanta Falkenberg] ; Urząd Komitetu Integracji Europejskiej. Departament Tłumaczeń
_nT. 2].
260 _aWarszawa :
_bUKIE,
_ccop. 2001.
300 _a305, [1] s. ;
_c21 cm.
500 _aOprac. na podstawie: "Economie, finance, monnaie" : glossaire en neuf langues, Bruxelles 1985. - Na okł. podtyt.: angielski-francuski-niemiecki-polski. - Tekst równol. ang., fr., niem., pol.
650 9 _aNauki ekonomiczne
_xterminologia
650 9 _aSłownik wielojęzyczny
655 _aSłowniki
700 1 _aRZEWUSKA, Maria.
_eOprac.
700 1 _aGAŁKIEWICZ, Anna.
_eOprac.
700 1 _aFALKENBERG, Jolanta.
_eOprac.
710 0 _aUrząd Komitetu Integracji Europejskiej
_bDepartament Tłumaczeń
020 _a8387913545 (2 t.)
040 _cBPK
041 1 _aenfrdepl
_hfr
080 _a330+336](038)=00
920 _a83-87913-54-5 (2 t.)
942 _cKS
008 s pl f |000 0 pol
999 _c40172
_d40172
856 _uhttp://koha.tu.koszalin.pl/cgi-bin/koha/opac-detail.pl?biblionumber=40172
_yKatalog online BPK